Igen hasznos imádság az Úrhoz
Elmentve itt :
| Szerző: | |
|---|---|
| Dokumentumtípus: | Kézirat |
| Megjelent: |
1899-07-19
|
| Kulcsszavak: | vallásos irodalom, imádság |
| Tárgyszavak: | |
| Online Access: | http://misc.bibl.u-szeged.hu/46976 |
| LEADER | 00613ntm a2200181 i 4500 | ||
|---|---|---|---|
| 001 | misc46976 | ||
| 005 | 20201216100854.0 | ||
| 008 | 200624s1899 hu o 0|| hun d | ||
| 040 | |a SZTE Miscellanea Repozitórium |b hun | ||
| 041 | |a hun | ||
| 100 | 1 | |a Mogyoróssy Ferenc | |
| 245 | 1 | 0 | |a Igen hasznos imádság az Úrhoz |h [elektronikus dokumentum] / |c Mogyoróssy Ferenc |
| 260 | |c 1899-07-19 | ||
| 300 | |a 32 p. | ||
| 561 | |a Herrmann Antal hagyaték | ||
| 650 | 4 | |a Teológia | |
| 695 | |a vallásos irodalom, imádság | ||
| 856 | 4 | 0 | |u http://misc.bibl.u-szeged.hu/46976/1/hermann_antal_ms_1934_008_egyeb_002.pdf |z Dokumentum-elérés |